| 000 -LEADER |
| fixed length control field |
00389nam a2200145Ia 4500 |
| 003 - CONTROL NUMBER IDENTIFIER |
| control field |
OSt |
| 005 - DATE AND TIME OF LATEST TRANSACTION |
| control field |
20250523173200.0 |
| 008 - FIXED-LENGTH DATA ELEMENTS--GENERAL INFORMATION |
| fixed length control field |
250310s9999||||xx |||||||||||||| ||und|| |
| 040 ## - CATALOGING SOURCE |
| Transcribing agency |
. |
| 082 ## - DEWEY DECIMAL CLASSIFICATION NUMBER |
| Classification number |
621.436 |
| Item number |
P8767 |
| 100 ## - MAIN ENTRY--PERSONAL NAME |
| 9 (RLIN) |
803 |
| Personal name |
Pounder, C. C. |
| 245 #0 - TITLE STATEMENT |
| Title |
Diesel engine principles and practice / |
| Statement of responsibility, etc. |
C. C. Pounder |
| 260 ## - PUBLICATION, DISTRIBUTION, ETC. |
| Place of publication, distribution, etc. |
London : |
| Name of publisher, distributor, etc. |
George Newnes Limited, |
| Date of publication, distribution, etc. |
1962. |
| 942 ## - ADDED ENTRY ELEMENTS (KOHA) |
| Koha item type |
Books |
| Source of classification or shelving scheme |
|